[Event "Titled Tuesday intern op 26th Sep Early"]
[Site "Chess.com INT"]
[Date "2023.09.26"]
[Round "11"]
[White "Berg, Olaf"]
[Black "Dilmukhametov, Artur"]
[Result "0-1"]
[WhiteElo "2176"]
[BlackElo "2276"]
[PlyCount "88"]
[EventDate "2023.09.26"]
[EventType "swiss (blitz)"]
[EventRounds "11"]
[EventCountry "USA"]
[SourceTitle "EXT 2024"]
[Source "ChessBase"]
[SourceDate "2023.10.10"]
[SourceVersion "1"]
[SourceVersionDate "2023.10.10"]
[SourceQuality "1"]

1. e4 e6 2. d3 d5 3. Nd2 Nf6 4. Ngf3 Nc6 5. c3 a5 6. Be2 dxe4 7. dxe4 e5 8. h3 Bc5 9. 0-0 0-0 10. Qc2 Qe7 11. Nc4 Be6 12. Bg5 h6 13. Bh4 g5 14. Bg3 Bxc4 15. Bxc4 Nh5 16. Bh2 Nf4 17. g3 Nxh3+ 18. Kg2 g4 19. Nh4 Ng5 20. Nf5 Qf6 21. Qe2 h5 22. Rh1 Ne7 23. Nxe7+ Bxe7 24. Bg1 Qg6 25. Re1 Nf3 26. Rd1 Rad8 27. Bh2 Bc5 28. Bd5 c6 29. Bb3 Kg7 30. Bc2 Qg5 31. a3 f6 32. b4 axb4 33. axb4 Bb6 34. b5 h4 35. gxh4 Nxh4+ 36. Kg1 Rxd1+ 37. Bxd1 g3 38. Bxg3 Qxg3+ 39. Kf1 Qg2+ 40. Ke1 Qxh1+ 41. Kd2 Rd8+ 42. Kc2 Qxd1+ 43. Qxd1 Rxd1 44. Kxd1 Bxf2 0-1

[Event "Titled Tuesday intern op 26th Sep Early"]
[Site "Chess.com INT"]
[Date "2023.09.26"]
[Round "10"]
[White "Hua, Lefong"]
[Black "Berg, Olaf"]
[Result "1-0"]
[WhiteElo "2305"]
[BlackElo "2176"]
[PlyCount "61"]
[EventDate "2023.09.26"]
[EventType "swiss (blitz)"]
[EventRounds "11"]
[EventCountry "USA"]
[SourceTitle "EXT 2024"]
[Source "ChessBase"]
[SourceDate "2023.10.10"]
[SourceVersion "1"]
[SourceVersionDate "2023.10.10"]
[SourceQuality "1"]

1. d4 Nf6 2. c4 e6 3. Nc3 b6 4. e4 d5 5. cxd5 exd5 6. e5 Ne4 7. Bd3 Bb7 8. Nge2 Be7 9. 0-0 0-0 10. f3 Nxc3 11. bxc3 c5 12. f4 cxd4 13. cxd4 Nc6 14. f5 f6 15. e6 Nb4 16. Nf4 Rc8 17. Be3 Nxd3 18. Qxd3 Qd6 19. Nh5 Qa3 20. Qd2 g6 21. fxg6 hxg6 22. Nf4 Kg7 23. Qf2 Rc2 24. Qxc2 Qxe3+ 25. Qf2 Qe4 26. Rae1 Qf5 27. Qg3 Bd6 28. e7 Re8 29. Nh5+ Qxh5 30. Qxd6 Bc8 31. Qxf6+ 1-0

[Event "Titled Tuesday intern op 02nd May Late"]
[Site "Chess.com INT"]
[Date "2023.05.02"]
[Round "5"]
[White "Korchmar, Vasiliy"]
[Black "Berg, Olaf"]
[Result "0-1"]
[WhiteElo "2438"]
[BlackElo "2176"]
[PlyCount "98"]
[EventDate "2023.05.02"]
[EventType "swiss (blitz)"]
[EventRounds "11"]
[EventCountry "USA"]
[SourceTitle "EXT 2024"]
[Source "ChessBase"]
[SourceDate "2023.10.10"]
[SourceVersion "1"]
[SourceVersionDate "2023.10.10"]
[SourceQuality "1"]

1. e4 d5 2. exd5 Qxd5 3. Nc3 Qd6 4. d4 Nf6 5. Nf3 c6 6. Ne5 Nbd7 7. Bf4 Nxe5 8. Bxe5 Qb4 9. Bd3 Qxb2 10. Ne2 e6 11. 0-0 Be7 12. Qd2 h6 13. Rfb1 Qa3 14. Rb3 Qa4 15. c4 0-0 16. Rc1 Rd8 17. Bc2 Qa6 18. Rg3 Kf8 19. Bd3 b6 20. Nf4 Qa5 21. Qe2 Qa3 22. Re1 Qb4 23. h3 Ba6 24. Rb1 Qa4 25. Nh5 Nxh5 26. Qxh5 g6 27. Bxg6 Ke8 28. Bxf7+ Kd7 29. Qg4 Qxc4 30. Re1 Rf8 31. Qg6 Kc8 32. Bxe6+ Kb7 33. Bxc4 Bxc4 34. Qg7 Rae8 35. Qxh6 Rf7 36. Qd2 Bd5 37. Qe3 Ref8 38. Qd2 Bh4 39. Ree3 Bxg3 40. Rxg3 b5 41. Qe3 b4 42. h4 a5 43. a3 b3 44. Qc3 Kb6 45. Qc5+ Ka6 46. Qc3 a4 47. Qb2 Rxf2 48. Qxf2 Rxf2 49. Kxf2 b2 0-1

[Event "FAI-ch"]
[Site "Torshavn"]
[Date "2023.04.02"]
[Round "2"]
[White "Nielsen, Rogvi Egilstoft"]
[Black "Berg, Olaf"]
[Result "0-1"]
[WhiteElo "2307"]
[BlackElo "2213"]
[PlyCount "68"]
[EventDate "2023.04.01"]
[EventType "tourn"]
[EventRounds "7"]
[EventCountry "FAI"]
[EventCategory "2"]
[SourceTitle "CBM 213 Extra"]
[Source "ChessBase"]
[SourceDate "2023.05.31"]
[SourceVersion "1"]
[SourceVersionDate "2023.05.31"]
[SourceQuality "1"]

1. e4 c5 2. c3 d5 3. exd5 Qxd5 4. d4 g6 5. Nf3 Bg7 6. Bb5+ Bd7 7. Bxd7+ Nxd7 8. 0-0 Nh6 9. Qe2 Nf5 10. Rd1 c4 11. Bf4 0-0 12. Nbd2 Rac8 13. g4 Nh6 14. h3 f5 15. g5 Nf7 16. b3 Nb6 17. Rac1 Rfe8 18. Re1 e6 19. h4 Rc6 20. h5 Bf8 21. Nh4 Kg7 22. Ndf3 Bd6 23. Bxd6 Qxd6 24. hxg6 hxg6 25. Nxg6 Kxg6 26. Nh4+ Kxg5 27. Qe3+ Kxh4 28. f4 Nd5 29. Qf2+ Kh5 30. Qf3+ Kg6 31. Re5 Nxe5 32. fxe5 Qe7 33. Rc2 Qh4 34. bxc4 Qe1+ 0-1

[Event "FAI-chT 2122"]
[Site "Faroe Islands"]
[Date "2021.11.07"]
[Round "4.2"]
[White "Nolsoe, Rani"]
[Black "Berg, Olaf"]
[Result "0-1"]
[WhiteElo "2055"]
[BlackElo "2199"]
[PlyCount "74"]
[EventDate "2021.10.03"]
[EventType "team-tourn"]
[EventRounds "10"]
[EventCountry "FAI"]
[SourceTitle "EXT 2023"]
[Source "ChessBase"]
[SourceDate "2022.10.05"]
[SourceVersion "1"]
[SourceVersionDate "2022.10.05"]
[SourceQuality "1"]
[WhiteTeam "Klaksvik"]
[BlackTeam "Havnin"]
[WhiteTeamCountry "FAI"]
[BlackTeamCountry "FAI"]

1. e4 c5 2. Nf3 d6 3. d4 cxd4 4. Nxd4 Nf6 5. Nc3 a6 6. Bg5 Nbd7 7. Bc4 Qa5 8. Qd2 e6 9. f3 b5 10. Bb3 Bb7 11. 0-0-0 Be7 12. h4 h6 13. Bxf6 Nxf6 14. g4 b4 15. Nce2 0-0-0 16. g5 hxg5 17. hxg5 Nxe4 18. fxe4 Bxg5 19. Nf4 Rxh1 20. Rxh1 e5 21. Qe2 Bxf4+ 22. Kb1 exd4 23. Qg4+ f5 24. Qxf4 fxe4 25. Qg4+ Kb8 26. Qxg7 Qe5 27. Qf7 Rh8 28. Rg1 e3 29. a4 e2 30. Qf2 Rh2 31. Rg8+ Ka7 32. Qf8 e1Q+ 33. Ka2 Qe7 34. Qb8+ Kb6 35. a5+ Kxa5 36. Rg5+ Q1e5 37. Rxe5+ dxe5 0-1

[Event "FAI-chT 1920"]
[Site "Faroe Islands"]
[Date "2020.05.23"]
[Round "10.3"]
[White "Berg, Olaf"]
[Black "Eydsteinsson, Silas"]
[Result "1-0"]
[WhiteElo "2225"]
[BlackElo "2040"]
[PlyCount "71"]
[EventDate "2019.10.13"]
[EventType "team-tourn"]
[EventRounds "10"]
[EventCountry "FAI"]
[SourceTitle "EXT 2021"]
[Source "ChessBase"]
[SourceDate "2020.10.23"]
[SourceVersion "1"]
[SourceVersionDate "2020.10.23"]
[SourceQuality "1"]
[WhiteTeam "Havnin"]
[BlackTeam "Sandavagur"]
[WhiteTeamCountry "FAI"]
[BlackTeamCountry "FAI"]

1. e4 c5 2. Nf3 Nc6 3. Bb5 g6 4. 0-0 Bg7 5. c3 e5 6. Re1 a6 7. Bf1 d6 8. a4 Nh6 9. d4 Qe7 10. Na3 0-0 11. Nc4 Rb8 12. d5 Nd8 13. b4 b5 14. axb5 axb5 15. Na5 c4 16. h3 Qc7 17. Be3 f5 18. g3 Bd7 19. Qd2 Ndf7 20. Bg2 fxe4 21. Ng5 Nxg5 22. Bxg5 Nf7 23. Be3 Bf6 24. Kh2 Kg7 25. Bxe4 h6 26. Nc6 Ng5 27. Bg2 Rb7 28. f4 exf4 29. gxf4 Nh7 30. Bd4 Rf7 31. Ra8 Bxc6 32. dxc6 Rb8 33. Ra7 Qd8 34. Rea1 Bxd4 35. Qxd4+ Qf6 36. Rxf7+ 1-0

[Event "FAI-chT 1920"]
[Site "Faroe Islands"]
[Date "2020.01.11"]
[Round "6.2"]
[White "Hansen, Herluf"]
[Black "Berg, Olaf"]
[Result "0-1"]
[WhiteElo "1979"]
[BlackElo "2225"]
[PlyCount "122"]
[EventDate "2019.10.13"]
[EventType "team-tourn"]
[EventRounds "10"]
[EventCountry "FAI"]
[SourceTitle "CBM 195 Extra"]
[Source "ChessBase"]
[SourceDate "2020.05.31"]
[SourceVersion "1"]
[SourceVersionDate "2020.05.31"]
[SourceQuality "1"]
[WhiteTeam "Havnin II"]
[BlackTeam "Havnin"]
[WhiteTeamCountry "FAI"]
[BlackTeamCountry "FAI"]

1. d4 Nf6 2. c4 e6 3. Nf3 d5 4. g3 dxc4 5. Qa4+ Bd7 6. Qxc4 Nc6 7. Bg2 a6 8. Bd2 Bd6 9. 0-0 Ne7 10. Nc3 b5 11. Qb3 Bc6 12. Rac1 0-0 13. Bg5 Nd7 14. a3 h6 15. Bxe7 Bxe7 16. e4 Bb7 17. Rfd1 c5 18. dxc5 Nxc5 19. Qc2 Qc7 20. Nd4 Rac8 21. Qe2 Bf6 22. Rb1 Rfd8 23. Qe3 Bxd4 24. Rxd4 Rxd4 25. Qxd4 Rd8 26. Qe3 Rd3 27. Qe2 Qd8 28. e5 Bxg2 29. Kxg2 Qd4 30. Rd1 Rxd1 31. Nxd1 Nd3 32. f4 g5 33. fxg5 hxg5 34. Nc3 Nxe5 35. Ne4 g4 36. h3 f5 37. Nc3 gxh3+ 38. Kxh3 Qg1 39. Qg2 Qxg2+ 40. Kxg2 Nc4 41. a4 b4 42. Na2 a5 43. b3 Ne5 44. Nc1 Kf7 45. Kf2 Ke7 46. Ke3 Kd6 47. Kd4 Nf3+ 48. Ke3 Ne5 49. Kd4 Nd7 50. Kc4 Kc6 51. Kd4 e5+ 52. Kc4 Nb6+ 53. Kd3 Kc5 54. Ke3 Nd5+ 55. Kd3 e4+ 56. Kd2 Nc3 57. Ke3 Kd5 58. Kf4 Ke6 59. g4 Nd5+ 60. Kg3 f4+ 61. Kf2 Nc3 0-1

[Event "FAI-chT 1920"]
[Site "Faroe Islands"]
[Date "2019.11.17"]
[Round "4.1"]
[White "Berg, Olaf"]
[Black "Simonsen, Olavur"]
[Result "1/2-1/2"]
[WhiteElo "2225"]
[BlackElo "2169"]
[PlyCount "94"]
[EventDate "2019.10.13"]
[EventType "team-tourn"]
[EventRounds "10"]
[EventCountry "FAI"]
[SourceTitle "CBM 195 Extra"]
[Source "ChessBase"]
[SourceDate "2020.05.31"]
[SourceVersion "1"]
[SourceVersionDate "2020.05.31"]
[SourceQuality "1"]
[WhiteTeam "Havnin"]
[BlackTeam "Klaksvik"]
[WhiteTeamCountry "FAI"]
[BlackTeamCountry "FAI"]

1. e4 Nc6 2. Nf3 d6 3. d4 Nf6 4. Nbd2 g6 5. Bd3 Bg7 6. 0-0 0-0 7. h3 e5 8. dxe5 Nxe5 9. Nxe5 dxe5 10. Nc4 Nd7 11. Be3 Qe7 12. Qd2 Nb6 13. Na5 Rd8 14. Qc3 c6 15. Rfd1 Be6 16. a4 Qc7 17. b4 Nd7 18. b5 c5 19. Nc4 Nf8 20. a5 b6 21. f3 Rab8 22. axb6 axb6 23. Bf2 Bxc4 24. Bxc4 Rxd1+ 25. Rxd1 Rd8 26. Ra1 Bh6 27. Bd5 Ne6 28. Bxe6 fxe6 29. Bh4 Rd4 30. Ra8+ Kg7 31. Qa1 Be3+ 32. Kh2 Bf4+ 33. Bg3 Kh6 34. Ra7 Qd8 35. Bxf4+ exf4 36. Rb7 Qh4 37. Qf1 Rd2 38. Kg1 Qd8 39. Kh2 Qh4 40. Kg1 Qd8 41. Kh2 Qd4 42. Qe1 g5 43. Qg1 Qe3 44. Qa1 e5 45. Rxb6+ Kh5 46. Qxe5 Rxg2+ 47. Kxg2 Qe2+ 1/2-1/2

[Event "FAI-ch"]
[Site "Torshavn"]
[Date "2019.04.18"]
[Round "6"]
[White "Hoi, Carsten"]
[Black "Berg, Olaf"]
[Result "0-1"]
[WhiteElo "2354"]
[BlackElo "2212"]
[PlyCount "70"]
[EventDate "2019.04.13"]
[EventType "tourn"]
[EventRounds "7"]
[EventCountry "FAI"]
[EventCategory "3"]
[SourceTitle "CBM 189 Extra"]
[Source "ChessBase"]
[SourceDate "2019.06.03"]
[SourceVersion "1"]
[SourceVersionDate "2019.06.03"]
[SourceQuality "1"]

1. Nf3 Nf6 2. c4 b6 3. d4 e6 4. a3 Bb7 5. Nc3 d5 6. Bg5 Nbd7 7. e3 Be7 8. Bd3 a6 9. cxd5 exd5 10. Qc2 c5 11. 0-0 0-0 12. Rad1 Re8 13. Ne5 Nf8 14. f4 Rc8 15. Qe2 cxd4 16. exd4 b5 17. Bxf6 Bxf6 18. Kh1 Rc7 19. Bb1 Rce7 20. Qf3 Re6 21. Qh3 Rd6 22. Qd3 g6 23. Qf3 Qc7 24. Rde1 Qb6 25. Qd3 Bc8 26. Qd2 Ne6 27. Ne2 Bg7 28. f5 Nxd4 29. fxg6 hxg6 30. Nxf7 Rde6 31. Ng5 Rxe2 32. Rxe2 Rxe2 33. Qf4 Qf6 34. Qc1 Bf5 35. Qf4 Bxb1 0-1

[Event "FAI-chT 1819"]
[Site "Faroe Islands"]
[Date "2019.03.17"]
[Round "9.3"]
[White "Olsen, Wille"]
[Black "Berg, Olaf"]
[Result "1/2-1/2"]
[WhiteElo "2016"]
[BlackElo "2248"]
[PlyCount "272"]
[EventDate "2018.10.28"]
[EventType "team-tourn"]
[EventRounds "10"]
[EventCountry "FAI"]
[SourceTitle "CBM 189 Extra"]
[Source "ChessBase"]
[SourceDate "2019.06.03"]
[SourceVersion "1"]
[SourceVersionDate "2019.06.03"]
[SourceQuality "1"]
[WhiteTeam "Klaksvik"]
[BlackTeam "Havnin"]
[WhiteTeamCountry "FAI"]
[BlackTeamCountry "FAI"]

1. Nf3 Nf6 2. c4 b6 3. g3 Bb7 4. Bg2 g6 5. Nc3 Bg7 6. 0-0 0-0 7. d4 Ne4 8. Nxe4 Bxe4 9. Be3 Qc8 10. Qd2 c5 11. Bh6 Nc6 12. Bxg7 Kxg7 13. d5 Bxf3 14. Bxf3 Ne5 15. Bg2 f6 16. Qc3 Rb8 17. f4 Nf7 18. e4 d6 19. Rae1 b5 20. e5 fxe5 21. cxb5 Kg8 22. fxe5 Nxe5 23. Rxe5 Rxf1+ 24. Bxf1 dxe5 25. Qxe5 c4 26. Bxc4 Qc5+ 27. Kg2 Qd6 28. Qe3 Rc8 29. b3 Rc5 30. Qe4 Rc7 31. a4 h5 32. g4 hxg4 33. Qxg4 Kg7 34. a5 Qf6 35. Qf3 Qxf3+ 36. Kxf3 Kf6 37. Ke4 Rc8 38. Kd4 Kf5 39. Bd3+ Kf6 40. b6 Rb8 41. bxa7 Ra8 42. a6 Rxa7 43. b4 e5+ 44. dxe6 Kxe6 45. Kc5 Rc7+ 46. Kb6 Kd6 47. Be4 Rc4 48. a7 Rxb4+ 49. Ka5 Rxe4 50. a8Q Re5+ 51. Kb6 Ke7 52. Qg8 Kf6 53. Qh8+ Kf5 54. Qf8+ Kg4 55. Qf6 Rg5 56. Kc6 Kh5 57. Qf3+ Kh6 58. Kd6 Rf5 59. Qg4 Kg7 60. Qd4+ Kh7 61. Qh4+ Kg7 62. Qe7+ Rf7 63. Qe5+ Kh7 64. h4 Rf5 65. Qe7+ Kh6 66. Ke6 Ra5 67. Qf8+ Kh7 68. Qf7+ Kh6 69. Qf4+ Kh5 70. Qf3+ Kh6 71. Qe3+ Kh7 72. Qc3 Rf5 73. Qe3 Ra5 74. Qd2 Rf5 75. Qc1 Kg7 76. Qc3+ Kh7 77. Qc7+ Kh6 78. Qe7 Ra5 79. Qf8+ Kh7 80. Qf7+ Kh6 81. Qf4+ Kh5 82. Qd4 Rf5 83. Qh8+ Kg4 84. Qh6 Rh5 85. Qxg6+ Kxh4 86. Qg2 Rg5 87. Qf3 Rg4 88. Kf6 Rg3 89. Qh1+ Kg4 90. Qe4+ Kh3 91. Qf4 Kg2 92. Qd2+ Kf1 93. Ke5 Rg2 94. Qd1+ Kf2 95. Kf4 Rg8 96. Qf3+ Kg1 97. Qd1+ Kh2 98. Qc2+ Rg2 99. Qc5 Ra2 100. Qh5+ Kg1 101. Qd1+ Kh2 102. Qh5+ Kg1 103. Qg6+ Rg2 104. Qb1+ Kh2 105. Qe1 Rg8 106. Qh4+ Kg1 107. Qe1+ Kg2 108. Qd2+ Kg1 109. Qe3+ Kg2 110. Qe2+ Kg1 111. Qd1+ Kh2 112. Qc2+ Rg2 113. Qc5 Rb2 114. Qh5+ Kg1 115. Qd1+ Kh2 116. Kf3 Ra2 117. Qd6+ Kh1 118. Qd5 Rg2 119. Qe4 Kg1 120. Qe1+ Kh2 121. Qf1 Rg3+ 122. Kf4 Rg4+ 123. Kf5 Rg2 124. Qf3 Kg1 125. Ke4 Rg8 126. Qd1+ Kh2 127. Qh5+ Kg1 128. Ke3 Rg3+ 129. Ke2 Rg2+ 130. Ke1 Rg3 131. Qh6 Kg2 132. Qh4 Re3+ 133. Kd2 Rf3 134. Ke2 Rg3 135. Qe4+ Kh3 136. Kf2 Rg5 1/2-1/2

[Event "Olympiad-43"]
[Site "Batumi"]
[Date "2018.10.05"]
[Round "11.3"]
[White "Berg, Olaf"]
[Black "Harper, Ryan"]
[Result "1/2-1/2"]
[WhiteElo "2248"]
[BlackElo "2226"]
[PlyCount "74"]
[EventDate "2018.09.24"]
[EventType "team-swiss"]
[EventRounds "11"]
[EventCountry "GEO"]
[SourceTitle "CBM 187"]
[Source "ChessBase"]
[SourceDate "2018.12.11"]
[SourceVersion "1"]
[SourceVersionDate "2018.12.11"]
[SourceQuality "1"]
[WhiteTeam "Faroe Islands"]
[BlackTeam "Trinidad and Tobago"]
[WhiteTeamCountry "FAI"]
[BlackTeamCountry "TRI"]

1. e4 c5 2. Nf3 e6 3. d4 cxd4 4. Nxd4 a6 5. g3 Qc7 6. Bg2 Nf6 7. 0-0 Nc6 8. Nxc6 dxc6 9. Qe2 e5 10. Nd2 Bg4 11. f3 Be6 12. Nb3 b5 13. Qf2 c5 14. Be3 Rc8 15. c3 Be7 16. h3 0-0 17. Rfd1 Nd7 18. f4 f5 19. exf5 Rxf5 20. Qd2 Nb6 21. Qe2 Nc4 22. g4 Rff8 23. f5 Nxe3 24. Qxe3 Bf7 25. Nd2 Rfd8 26. Nf3 Bd6 27. Ng5 c4 28. Kh1 Bc5 29. Qe2 Be7 30. Nxf7 Kxf7 31. Bd5+ Kf8 32. Qe4 h6 33. f6 Bxf6 34. Qh7 Ke7 35. Qg6 Kf8 36. Qh7 Ke7 37. Qg6 Kf8 1/2-1/2

[Event "Olympiad-43"]
[Site "Batumi"]
[Date "2018.10.01"]
[Round "7.57"]
[White "Gaealafshwe, Barileng"]
[Black "Berg, Olaf"]
[Result "1-0"]
[WhiteElo "2144"]
[BlackElo "2248"]
[PlyCount "91"]
[EventDate "2018.09.24"]
[EventType "team-swiss"]
[EventRounds "11"]
[EventCountry "GEO"]
[SourceTitle "CBM 187"]
[Source "ChessBase"]
[SourceDate "2018.12.11"]
[SourceVersion "1"]
[SourceVersionDate "2018.12.11"]
[SourceQuality "1"]
[WhiteTeam "Botswana"]
[BlackTeam "Faroe Islands"]
[WhiteTeamCountry "BOT"]
[BlackTeamCountry "FAI"]

1. Nf3 Nf6 2. c4 e6 3. Nc3 b6 4. g3 Bb7 5. Bg2 c5 6. 0-0 Be7 7. Re1 Ne4 8. d3 Nxc3 9. bxc3 0-0 10. e4 d6 11. Bf4 Nc6 12. a4 Re8 13. Nd2 Bf6 14. Qc2 Qd7 15. Nb3 Ne5 16. a5 Bc6 17. Nd2 Ng6 18. Be3 d5 19. cxd5 exd5 20. axb6 axb6 21. Qb3 Ba4 22. Qb2 Ne5 23. Bf1 dxe4 24. dxe4 b5 25. Bf4 b4 26. Bxe5 Bxe5 27. Nb1 Bc6 28. Rxa8 Rxa8 29. Qc2 Ba4 30. Qc1 bxc3 31. Nxc3 Bb3 32. Nd5 Ra1 33. Qd2 Qd8 34. Rxa1 Bxa1 35. Qc1 Bd4 36. Bc4 Ba4 37. Qf4 Bd7 38. Qd6 Qe8 39. Nc7 Qc8 40. Ba6 Qd8 41. Bb5 Qg5 42. Qxd7 g6 43. Qc8+ Kg7 44. Ne8+ Kg8 45. Nf6+ Kg7 46. Qf8+ 1-0

[Event "Olympiad-43"]
[Site "Batumi"]
[Date "2018.09.30"]
[Round "6.44"]
[White "Supi, Luis Paulo"]
[Black "Berg, Olaf"]
[Result "1-0"]
[WhiteElo "2548"]
[BlackElo "2248"]
[PlyCount "83"]
[EventDate "2018.09.24"]
[EventType "team-swiss"]
[EventRounds "11"]
[EventCountry "GEO"]
[SourceTitle "CBM 187"]
[Source "ChessBase"]
[SourceDate "2018.12.11"]
[SourceVersion "1"]
[SourceVersionDate "2018.12.11"]
[SourceQuality "1"]
[WhiteTeam "Brazil"]
[BlackTeam "Faroe Islands"]
[WhiteTeamCountry "BRA"]
[BlackTeamCountry "FAI"]

1. c4 e6 2. g3 Nf6 3. Bg2 Be7 4. Nf3 0-0 5. 0-0 Nc6 6. d4 d5 7. b3 Ne4 8. Bb2 a5 9. Nc3 Nxc3 10. Bxc3 Bd7 11. e3 Qb8 12. Rb1 Rd8 13. Ne1 Be8 14. Qe2 a4 15. Nd3 axb3 16. axb3 Na5 17. cxd5 exd5 18. Nf4 c6 19. e4 dxe4 20. b4 Bxb4 21. Rxb4 f5 22. Bh3 g6 23. Ba1 Qd6 24. Qb2 Qf6 25. Qa2+ Bf7 26. d5 Qd6 27. Qb2 Kf8 28. dxc6 bxc6 29. Qg7+ Ke8 30. Rd4 Bd5 31. Nxd5 cxd5 32. Rfd1 Qe6 33. Qh8+ Kf7 34. Qxh7+ Ke8 35. Bc3 Nc6 36. R4d2 Ra7 37. Qh4 Rf7 38. Bf1 e3 39. Re2 f4 40. fxe3 f3 41. Rf2 Qe4 42. Bb5 1-0

[Event "Olympiad-43"]
[Site "Batumi"]
[Date "2018.09.25"]
[Round "2.3"]
[White "Marjanovic, Dejan"]
[Black "Berg, Olaf"]
[Result "1-0"]
[WhiteElo "2382"]
[BlackElo "2248"]
[PlyCount "91"]
[EventDate "2018.09.24"]
[EventType "team-swiss"]
[EventRounds "11"]
[EventCountry "GEO"]
[SourceTitle "CBM 187"]
[Source "ChessBase"]
[SourceDate "2018.12.11"]
[SourceVersion "1"]
[SourceVersionDate "2018.12.11"]
[SourceQuality "1"]
[WhiteTeam "Bosnia&Herzegovina"]
[BlackTeam "Faroe Islands"]
[WhiteTeamCountry "BIH"]
[BlackTeamCountry "FAI"]

1. d4 Nf6 2. Nf3 d6 3. c4 Nbd7 4. Nc3 e5 5. Bg5 Be7 6. e3 0-0 7. Qc2 h6 8. h4 exd4 9. Nxd4 Ne5 10. 0-0-0 Qd7 11. f3 Nh5 12. Nd5 Bd8 13. Bxd8 Qxd8 14. Qf2 f5 15. Nf4 Nxf4 16. exf4 Ng6 17. g3 c6 18. h5 Ne7 19. Qd2 Rf6 20. Rg1 Qf8 21. Bd3 c5 22. Ne2 b5 23. g4 Bb7 24. g5 Re6 25. Rg3 bxc4 26. Bxc4 d5 27. Bb3 a5 28. a3 a4 29. Ba2 Kh7 30. Rdg1 Ba6 31. Nc3 Rd8 32. gxh6 gxh6 33. Nxa4 Qf6 34. Qc3 d4 35. Qa5 Ra8 36. Bxe6 Qxe6 37. Re1 Be2 38. Qd2 Qc4+ 39. Kb1 Bd3+ 40. Ka1 Nd5 41. Qg2 Ra7 42. Rg1 Nxf4 43. Rg7+ Kh8 44. Rg8+ Kh7 45. Qg7+ Rxg7 46. R1xg7# 1-0

[Event "Helsingor Xtracon op"]
[Site "Helsingor"]
[Date "2018.07.22"]
[Round "2"]
[White "Berg, Olaf"]
[Black "Slettebo, Jan"]
[Result "1-0"]
[WhiteElo "2226"]
[BlackElo "1987"]
[PlyCount "23"]
[EventDate "2018.07.21"]
[EventType "swiss"]
[EventRounds "10"]
[EventCountry "DEN"]
[SourceTitle "CBM 185 Extra"]
[Source "ChessBase"]
[SourceDate "2018.07.29"]
[SourceVersion "1"]
[SourceVersionDate "2018.07.29"]
[SourceQuality "1"]

1. d4 d5 2. c4 Bf5 3. Nc3 e6 4. cxd5 exd5 5. Qb3 Nc6 6. e4 Bxe4 7. Nxe4 dxe4 8. Bc4 Bb4+ 9. Kf1 Qe7 10. a3 Na5 11. Qa4+ c6 12. Ba2 1-0

[Event "Helsingor Xtracon op"]
[Site "Helsingor"]
[Date "2018.07.21"]
[Round "1"]
[White "Poulsen, Knud"]
[Black "Berg, Olaf"]
[Result "0-1"]
[WhiteElo "1760"]
[BlackElo "2226"]
[PlyCount "100"]
[EventDate "2018.07.21"]
[EventType "swiss"]
[EventRounds "10"]
[EventCountry "DEN"]
[SourceTitle "CBM 185 Extra"]
[Source "ChessBase"]
[SourceDate "2018.07.29"]
[SourceVersion "1"]
[SourceVersionDate "2018.07.29"]
[SourceQuality "1"]

1. c4 Nf6 2. Nc3 e6 3. e4 Nc6 4. Nf3 d5 5. cxd5 exd5 6. e5 Ne4 7. d3 Nxc3 8. bxc3 d4 9. Bd2 Bc5 10. Rb1 0-0 11. Be2 Re8 12. Rb5 b6 13. Bg5 Qd7 14. c4 Nxe5 15. Kf1 Bb7 16. Nxe5 Rxe5 17. Bf4 Re7 18. Bg4 f5 19. Bf3 c6 20. Rb2 Rae8 21. Be2 Ba3 22. Rc2 c5 23. Rg1 Qa4 24. f3 Rxe2 25. Qxe2 Rxe2 26. Rxe2 h6 27. Kf2 Bb4 28. g4 Qc6 29. Rg3 fxg4 30. Re7 Qf6 31. Rxb7 Qxf4 32. Rxg4 Qxh2+ 33. Kf1 Qh1+ 34. Kf2 Qe1+ 35. Kg2 Qe2+ 36. Kg1 Qe5 37. Rxa7 Bd2 38. Kg2 Qe2+ 39. Kh3 Qxf3+ 40. Rg3 Qf1+ 41. Rg2 Qh1+ 42. Kg3 Be1+ 43. Kf3 Qf1+ 44. Ke4 Qxg2+ 45. Kf5 Qg5+ 46. Ke6 Qf6+ 47. Kd5 Qf3+ 48. Ke6 Qc6+ 49. Kf5 g6+ 50. Kg4 Qg2+ 0-1

[Event "Klaksvik ESNA 3rd"]
[Site "Klaksvik"]
[Date "2018.04.22"]
[Round "9"]
[White "Berend, Fred"]
[Black "Berg, Olaf"]
[Result "1-0"]
[WhiteElo "2357"]
[BlackElo "2235"]
[PlyCount "39"]
[EventDate "2018.04.14"]
[EventType "tourn"]
[EventRounds "9"]
[EventCountry "FAI"]
[SourceTitle "CBM 184 Extra"]
[Source "ChessBase"]
[SourceDate "2018.06.28"]
[SourceVersion "1"]
[SourceVersionDate "2018.06.28"]
[SourceQuality "1"]

1. d4 Nf6 2. c4 e6 3. g3 c5 4. Nf3 cxd4 5. Nxd4 Nc6 6. Bg2 Qb6 7. Nb3 Qb4+ 8. N3d2 d5 9. a3 Qa5 10. 0-0 Be7 11. b4 Qc7 12. Nc3 dxc4 13. Nxc4 Nxb4 14. Qb3 Nbd5 15. Nb5 Qc5 16. a4 Qc6 17. Ba3 Bd7 18. Bxe7 Kxe7 19. Qa3+ Ke8 20. Rac1 1-0

[Event "Klaksvik ESNA 3rd"]
[Site "Klaksvik"]
[Date "2018.04.21"]
[Round "8"]
[White "Berg, Olaf"]
[Black "Frick, Renato"]
[Result "1-0"]
[WhiteElo "2235"]
[BlackElo "2062"]
[PlyCount "51"]
[EventDate "2018.04.14"]
[EventType "tourn"]
[EventRounds "9"]
[EventCountry "FAI"]
[SourceTitle "CBM 184 Extra"]
[Source "ChessBase"]
[SourceDate "2018.06.28"]
[SourceVersion "1"]
[SourceVersionDate "2018.06.28"]
[SourceQuality "1"]

1. d4 Nf6 2. Nf3 g6 3. c4 Bg7 4. Nc3 d6 5. Bg5 Nbd7 6. h3 0-0 7. Qd2 c5 8. d5 Ne5 9. Nxe5 dxe5 10. e4 Ne8 11. h4 h5 12. f3 f6 13. Be3 b6 14. g4 hxg4 15. h5 gxh5 16. Rxh5 Nd6 17. Bh6 Nf7 18. Be3 gxf3 19. 0-0-0 Bg4 20. Rh4 Qd7 21. Bd3 f2 22. Rdh1 f5 23. Qxf2 fxe4 24. Qg2 Bf3 25. Qg6 Rfe8 26. Rh7 1-0

[Event "Klaksvik ESNA 3rd"]
[Site "Klaksvik"]
[Date "2018.04.18"]
[Round "5"]
[White "Efimov, Igor"]
[Black "Berg, Olaf"]
[Result "0-1"]
[WhiteElo "2407"]
[BlackElo "2235"]
[PlyCount "62"]
[EventDate "2018.04.14"]
[EventType "tourn"]
[EventRounds "9"]
[EventCountry "FAI"]
[SourceTitle "CBM 184 Extra"]
[Source "ChessBase"]
[SourceDate "2018.06.28"]
[SourceVersion "1"]
[SourceVersionDate "2018.06.28"]
[SourceQuality "1"]

1. Nf3 Nf6 2. d4 d5 3. e3 g6 4. c4 c6 5. Nc3 Bg7 6. Bd2 0-0 7. Rc1 a6 8. cxd5 cxd5 9. Ne5 Nbd7 10. Nd3 Re8 11. f4 Nb6 12. Be2 Nc4 13. 0-0 e6 14. Rc2 Nxd2 15. Qxd2 Qd6 16. Rfc1 Bd7 17. Nc5 Bc6 18. b4 Nd7 19. b5 axb5 20. Nxb5 Qe7 21. Nb3 Nf6 22. Bd3 Red8 23. Na5 Bxb5 24. Bxb5 Ne4 25. Qe1 Qa3 26. Nxb7 Rdb8 27. Bc6 Ra6 28. Rb1 Qd3 29. Nc5 Qxe3+ 30. Qxe3 Rxb1+ 31. Rc1 Bxd4 0-1